[Event "Medellin Aristizabal Cup"]
[Site "Medellin"]
[Date "2020.02.01"]
[Round "5"]
[White "Cuervo Velasquez, Juan Manuel"]
[Black "Alvarez Cerbero, Julio Enrique"]
[Result "0-1"]
[WhiteElo "1149"]
[BlackElo "1504"]
[PlyCount "40"]
[EventDate "2020.01.29"]
[EventType "swiss"]
[EventRounds "7"]
[EventCountry "COL"]
[SourceTitle "CBM 194 Extra"]
[Source "ChessBase"]
[SourceDate "2020.03.31"]
[SourceVersion "1"]
[SourceVersionDate "2020.03.31"]
[SourceQuality "1"]

1. e4 c5 2. Nf3 Nc6 3. Bb5 g6 4. Bxc6 dxc6 5. h3 Bg7 6. Nc3 e5 7. d3 Qc7 8. Be3 b6 9. Qd2 Ba6 10. Ne2 0-0-0 11. 0-0 f5 12. Qc1 fxe4 13. Ne1 exd3 14. cxd3 e4 15. Nf4 Qd7 16. dxe4 Bxf1 17. Kxf1 Nh6 18. Qc2 Nf7 19. Nfd3 Rhe8 20. f3 Bf6 0-1

[Event "Uniagraria AlphaZero op 2nd"]
[Site "Uniagraria"]
[Date "2019.11.10"]
[Round "5"]
[White "Alvarez Cerbero, Julio Enrique"]
[Black "Quintero, Raul"]
[Result "1/2-1/2"]
[WhiteElo "1499"]
[BlackElo "1948"]
[PlyCount "68"]
[EventDate "2019.11.08"]
[EventType "swiss"]
[EventRounds "7"]
[EventCountry "COL"]
[SourceTitle "CBM 193 Extra"]
[Source "ChessBase"]
[SourceDate "2020.01.31"]
[SourceVersion "1"]
[SourceVersionDate "2020.01.31"]
[SourceQuality "1"]

1. c4 c5 2. g3 Nf6 3. Bg2 d5 4. cxd5 Nxd5 5. Nc3 Nc7 6. d3 e5 7. Nf3 Nc6 8. Rb1 Be7 9. a3 0-0 10. 0-0 Be6 11. Bd2 h6 12. b4 cxb4 13. axb4 f6 14. b5 Nd4 15. Nxd4 exd4 16. Na4 Nd5 17. Qc2 Rc8 18. Qb2 Qd7 19. Rfc1 Nb6 20. Nxb6 axb6 21. Bf4 Rc5 22. Rxc5 bxc5 23. Ra1 g5 24. Bd2 Kg7 25. Ra7 Rb8 26. Bc6 Qc8 27. Bf3 Kg6 28. Qa1 Bd8 29. Be4+ f5 30. Bg2 Bb6 31. Ra3 Qe8 32. h4 Qxb5 33. Ra8 Qe8 34. Qb1 Bc7 1/2-1/2